|
|
|
|
| LEADER |
00000cam a2200000 7i4500 |
| 001 |
0000065454 |
| 005 |
20160816.0 |
| 008 |
160816 |
| 020 |
|
|
|a 9789830400471
|
| 020 |
|
|
|a 9830400476
|
| 090 |
0 |
0 |
|a JAW
|
| 245 |
0 |
0 |
|a Berfikir dahulu (6)
|
| 260 |
|
|
|a Kuala Lumpur :
|b Penerbitan Fargoes Sdn. Bhd ,
|c 1996
|
| 300 |
|
|
|a 48 pg :
|b col., ill ;
|c 21.6cm.
|
| 490 |
1 |
|
|a Siri akhlak remaja
|
| 500 |
|
|
|a Children ages 7-9 years old (orange)
|
| 650 |
|
0 |
|a Jawi
|
| 999 |
|
|
|a 0000441493
|b Book
|c Children Collection
|e Cawangan Bandar Penawar
|
| 999 |
|
|
|a 0000441504
|b Book
|c Children Collection
|e Cawangan Pontian
|
| 999 |
|
|
|a 0000770409
|b Book
|c Children Collection
|e Cawangan Bandar Penawar
|
| 999 |
|
|
|a 0000770410
|b Book
|c Children Collection
|e Cawangan Bandar Penawar
|
| 999 |
|
|
|a 0000774847
|b Book
|c Children Collection
|e Cawangan Pontian
|
| 999 |
|
|
|a 0000774848
|b Book
|c Children Collection
|e Cawangan Pontian
|
| 999 |
|
|
|a 0000774850
|b Book
|c Children Collection
|e Cawangan Pontian
|
| 999 |
|
|
|a 0000774851
|b Book
|c Children Collection
|e Cawangan Pontian
|
| 999 |
|
|
|a 0000842177
|b Book
|c Children Collection
|e Cawangan Segamat
|
| 999 |
|
|
|a 0000866802
|b Book
|c Children Collection
|e Cawangan Segamat
|
| 999 |
|
|
|a 0001214578
|b Book
|c Children Collection
|e Cawangan Segamat
|
| 999 |
|
|
|a 0001214579
|b Book
|c Children Collection
|e Cawangan Pontian
|
| 999 |
|
|
|a 0001214581
|b Book
|c Children Collection
|e Cawangan Taman Universiti
|
| 999 |
|
|
|a 0001214585
|b Book
|c Children Collection
|e Cawangan Taman Sri Lambak
|